Medición del gasto en SIDA 2012 y serie de tiempo 2009-2011República Dominicana. Presentado a Consejo Nacional para el VI y el SIDA /CONAVIHSIDA) Programa Conjunto de las Naciones Unidas sobre el VIH (Record no. 8081)

MARC details
000 -LEADER
campo de control de longitud fija 00507nam a2200133Ia 4500
001 - NÚMERO DE CONTROL
campo de control 3887
008 - DATOS DE LONGITUD FIJA--INFORMACIÓN GENERAL
campo de control de longitud fija 241024s9999 xx 000 0 und d
082 ## - NÚMERO DE LA CLASIFICACIÓN DECIMAL DEWEY
Número de clasificación RD/613/F981m/2012
100 ## - ENTRADA PRINCIPAL--NOMBRE DE PERSONA
Nombre de persona Fundación Plenitud
245 #0 - MENCIÓN DEL TÍTULO
Título Medición del gasto en SIDA 2012 y serie de tiempo 2009-2011República Dominicana. Presentado a Consejo Nacional para el VI y el SIDA /CONAVIHSIDA) Programa Conjunto de las Naciones Unidas sobre el VIH
260 ## - PUBLICACIÓN, DISTRIBUCIÓN, ETC.
Nombre del editor, distribuidor, etc. Santo Domingo
Fecha de publicación, distribución, etc. 2014
901 ## - ELEMENTOS DE DATOS A LOCAL LDA (RLIN)
a 28/1/2015 9:44:01 a.m.

No items available.

© 2024. Todos los Derechos Reservados. Desarrollado por IDEICE